000 00634nam a22002537a 4500
003 UA-OsUOA
001 100009
007 ta
008 20130521b un ||||| |||| 00| 0 ukr d
100 _aТеккерей В.
090 _a821.111
_bТ30
942 _cBK
040 _aUA-OsUOA
_brus
_cUA-OsUOA
_dUA-OsUOA
245 _aЯрмарка тщеславия
_bроман
300 _a432 с.
955 _a3
041 _arus
080 _a821.111
260 _aМ.
_bПравда
_c1990
246 3 1 _a1
_n
044 _aRU
650 7 _a82 Література. Літературознавство
_2UDC
999 _c386253
_d386253